000 00632nam a2200205Ia 4500
005 20220209093153.0
008 210716s2010 xx 000 0 und d
020 _a9788131726006
040 _cAIMIT LIBRARY
041 _aeng
082 _a658.4
_21
_bSINK
100 _aSingh, Kavita.
_918209
245 _aOrganizational behavior:
_btext and cases /
_cBy Kavita Singh.
250 _a1st ed.
260 _aNew Delhi :
_bPearson ,
_c2010.
300 _aXx, 479p. ;
_c28 cm.
650 _aInterpersonal and team processes
_918210
650 _aNature of planned organizational change
_918211
942 _2ddc
_cBK
_e1st
_k658.4 SINK
999 _c206489
_d206489